000 00462nam a2200169Ia 4500
003 LDD
008 190117s9999 xx 000 0 und d
020 _c₹125
040 _cLDD
041 _ahi
082 _a8H1.709 स59212
100 _aविनय
245 0 _aसमकालीन हिन्दी कविता संवाद
_cविनय
260 _aनई दिल्ली
_bअरूण
300 _a181प्र.
942 _2ddc
_cH
999 _c170070
_d170070